Culture G commençant par R - Statistiques

Statistiques générales
  • Ce quiz a été pris 235 fois
  • Le résultat moyen est 21 sur 30
Statistiques - réponses
Hint Réponse % Correct
Une des 7 couleurs de l'arc en ciel Rouge
99%
Pays africain connu pour son génocide Rwanda
97%
Lors d'un déplacement il y a l'aller puis le Retour
96%
Fleuve français de 812 km Rhône
96%
Fruit le plus utilisé pour faire du vin Raisin
95%
Plus grand pays du globe par superficie Russie
95%
Tempo, cadence Rythme
93%
Plus grand judoka français de tous les temps Teddy Riner
93%
On veut prendre les bonnes lors d'une nouvelle année Résolutions
92%
Footballeur brésilien ou portugais ayant le même nom et Vainqueur du ballon d'or Ronaldo
91%
Opération chirurgicale restructurant le nez Rhinoplastie
90%
Style de musique originaire en Jamaïque Reggae
89%
Tigre, Marteau, Bouledogue, Longimane ou blanc Requin
89%
Dupont, Chabal, Farrell en font Rugby
85%
Boisson alcoolisé sonnant comme une capitale Rhum / Rome
80%
Nouilles japonaises servies avec Soja, Miso, Nori, Oignonet Porc Ramen
76%
Boisson alcoolisée a base d'anis et de réglisse Ricard
76%
Ancien nom de la patella, os du genou Rotule
73%
Synonyme du verbe barrer Raturer / Rayer
70%
40eme président des USA Ronald Reagan
69%
Nom de famille de l'acteur jouant Harry Potter Radcliffe
64%
8 des 10 derniers titres de Superbike ont été gagnés par Rea / Razgatlioglu
62%
Remise accordée à un client Ristourne
54%
Élément du tableau périodique en 5 ou 6 lettres Radon / Radium
43%
Nom de la principauté de Monaco Rocher
42%
Cité médiévale du nord du Lot Rocamadour
30%
Père et fils champion du monde de F1 (1982 et 2016) Rosberg
28%
Capitale dans les Antilles dont le nom est aussi une plante Roseau
25%
Dessin animé dont le chef se nomme Casse-Bonbon Razmoket
16%
Qui résiste avec entêtement Récalcitrant
2%
Aucun quiz correspondant
Distribution des résultats
% des personnes avec chaque résultat
Percentile par nombre de réponses
Votre historique - résultats
Vous n’avez pas pris ce quiz